00457nam a2200193 a 4500001001300000003000900013005001700022008004100039020001000080082001500090100001800105245001900123260003200142300000800174500003500182505001000217650001800227700001800245nice12345678IN_TiNIC20260116011455.0050524s0000 laha grp 000 0 eng  ac10000a922.7bABD aAbdullah, S M aShibli Nu`mani aLahorebIqbal Academyc0000 a40p aincludes index and biblioraphy2 aindex aShibli Numani1 aAbdullah, S M